Vista normal
Vista MARC
Entrada Nombre de reunión
Número de registros utilizados en: 1
001 - NÚMERO DE CONTROL
- campo de control: 30034
003 - IDENTIFICADOR DEL NÚMERO DE CONTROL
- campo de control: OSt
005 - FECHA Y HORA DE LA ÚLTIMA TRANSACCIÓN
- campo de control: 20200615033226.0
008 - DATOS DE LONGITUD FIJA
- campo de control de longitud fija: 200615|| aca||aabn | a|a d
040 ## - FUENTE DE LA CATALOGACIÓN
- Centro catalogador/agencia de origen: OSt
- Centro/agencia transcriptor: OSt
111 ## - ENCABEZAMIENTO--NOMBRE DE CONGRESO/REUNIÓN
- Nombre de congreso/reunión o jurisdicción como elemento de entrada: Comgreso Internacional de crimenología
- Número del congreso/reunión o número de parte o sección: (7o,
- Fecha del congreso/reunión: 17-22 septiembre 1973 :
- Sede del congreso/Lugar de la reunión: Belgrad, Yugoslavia)
670 ## - FUENTE DE DATOS ENCONTRADOS
- Cita de la fuente: Work cat.: (OSt)12665: Comgreso Internacional de crimenología (7o, 17-22 septiembre 1973 : Belgrad, Yugoslavia), VII Congreso Internacional de Criminología :, 1973.
